Random Geography- Chain Game - Statistics

General Stats
  • This quiz has been taken 53 times
  • The average score is 9 of 15
Answer Stats
Hint Answer % Correct
Second largest Scottish city Edinburgh
96%
Former name for the D.R.C. Zaire
96%
Primary country where Magyar is spoken Hungary
92%
Capital of Bolivia La Paz
92%
River flowing through Rome Tiber
88%
Former Portuguese colony in China Macau
80%
Biome of the above Tundra
76%
Largest and least populated Canadian territory Nunavut
65%
Most of the world's these lie in the Pacific Ocean Atoll
53%
French island colony in the Indian Ocean Reunion
45%
Dutch province Utrecht
45%
Name of Toronto before 1834 York
29%
Island of the Philippines; named after dark-skinned inhabitants Negros
20%
John Proctor and Abigail Williams hail from here Salem
10%
K2 belongs to these mountains Karakoram
8%
No matching quizzes found
Score Distribution
Percent of People with Each Score
Percentile by Number Answered
Your Score History
You have not taken this quiz